| 000 | 00491nam a22001697a 4500 | ||
|---|---|---|---|
| 999 |
_c40725 _d40725 |
||
| 003 | OSt | ||
| 005 | 20200606120132.0 | ||
| 008 | 191031b ||||| |||| 00| 0 eng d | ||
| 020 | _a8188095864 | ||
| 040 | _cMESKC library | ||
| 082 |
_a891.4335 _bPRE/S |
||
| 100 | 0 |
_aPremacanda, _956 _d1881-1936 |
|
| 245 |
_aSevasadan/ _cMunshi Premchand |
||
| 260 |
_aDelhi: _bSeva Sanskar Prakashan, _c2016. |
||
| 300 | _a279p | ||
| 942 |
_2ddc _cBK _h891.4335 _iPRE/S _k891.4335 _mPRE/S |
||